Logo BPK

Biblioteka

Politechniki Koszalińskiej

As I saw it / (Rekord nr 47696)

Szczegóły MARC
000 -ETYKIETA REKORDU
podpole kontrolne o stałej długości 00692nam a2200241 i 4500
001 - NUMER KONTROLNY REKORDU
pole kontrolne bgj
020 ## - MIĘDZYNARODOWY ZNORMALIZOWANY NUMER KSIĄŻKI - ISBN
ISBN 0393026507
040 ## - ŹRÓDŁO KATALOGOWANIA
Instytucja, która utworzyła rekord BPK
041 0# - KOD JĘZYKA
Kod języka tekstu eng
920 ## - Międzynarodowy znormalizowany numer książki – ISBN
ISBN 0-393-02650-7
008 - POLE O STAŁEJ DŁUGOŚCI - DANE KONTROLNE
podpole kontrolne o stałej długości s uk f |000 0 eng
100 1# - NAZWA OSOBOWA
Nazwa osobowa RUSK, Dean
Daty związane z nazwą (1909- )
245 #0 - TYTUŁ/ODPOWIEDZIALNOŚĆ
Tytuł As I saw it /
Pozostałe elementy strefy tytułu i oznaczenia odpowiedzialności Dean Rusk with Richard Rusk and Daniel S. Papp.
260 ## - STREFA ADRESU WYDAWNICZEGO
Miejsce wydania New York ;
-- London :
Nazwa wydawcy/dystrybutora W. W. Norton & Company,
Data publikacji, dystrybucji/powstania dokumentu cop. 1990.
300 ## - STREFA OPISU FIZYCZNEGO
Objętość 672 pp ;
Rozmiary 25 cm.
505 ## - SFORMALIZOWANA UWAGA DOTYCZĄCA ZAWARTOŚCI
Pełny tekst uwagi Includes index.
650 #9 - HASŁO PRZEDMIOTOWE W FORMIE NAZWY OGÓLNEJ LUB JEDNOSTKOWEJ
Nazwa ogólna lub geograficzna Statesmen
-- United States
650 #9 - HASŁO PRZEDMIOTOWE W FORMIE NAZWY OGÓLNEJ LUB JEDNOSTKOWEJ
Nazwa ogólna lub geograficzna Foreign relations
-- United States
Określnik chronologiczny 1945-
655 ## - TERMIN INDEKSOWY - OKREŚLENIE RODZAJU/FORMY DOKUMENTU
Określenie rodzaju/formy dokumentu Biographies
700 1# - HASŁO DODATKOWE - NAZWA OSOBOWA
Nazwa osobowa RUSK, Richard
700 1# - HASŁO DODATKOWE - NAZWA OSOBOWA
Nazwa osobowa PAPP, Daniel S.
Daty związane z nazwą (1947- )
856 ## - LOKALIZACJA I DOSTĘP DO ELEKTRONICZNYCH DOKUMENTÓW ZDALNYCH
Link (URL) http://koha.tu.koszalin.pl/cgi-bin/koha/opac-detail.pl?biblionumber=47696
Tekst linku Katalog online BPK
942 ## - DODATKOWE ELEMENTY (KOHA)
Typ dokumentu Książka
Egzemplarze
Wycofany Status egzemplarza Uszkodzony Dostępność Lokalizacja stała Lokalizacja bieżąca Miejsce przechowywania Sygnatura Kod kreskowy Typ dokumentu
      Dostępny Biblioteka Politechniki Koszalińskiej Biblioteka Politechniki Koszalińskiej Wypożyczalnia Językowa KA 4243 09018785 Książka
      Dostępny Biblioteka Politechniki Koszalińskiej Biblioteka Politechniki Koszalińskiej Wypożyczalnia Językowa KA 4244 09018792 Książka
© 2023 Biblioteka Politechniki Koszalińskiej :: KOHA